[Event "NOR-ch Class4"]
[Site "Lillehammer"]
[Date "2013.06.29"]
[Round "7"]
[White "Amarapala, Anton"]
[Black "Olsen, Knut"]
[Result "1/2-1/2"]
[WhiteElo "1014"]
[BlackElo "1245"]
[PlyCount "48"]
[EventDate "2013.06.29"]
[EventType "swiss"]
[EventRounds "9"]
[EventCountry "NOR"]
[SourceTitle "EXT 2017"]
[Source "ChessBase"]
[SourceDate "2016.10.25"]
[SourceVersion "1"]
[SourceVersionDate "2016.10.25"]
[SourceQuality "1"]

1. d4 d5 2. Nf3 Nc6 3. c4 e6 4. e3 Nf6 5. Bd3 Be7 6. 0-0 0-0 7. Re1 Re8 8. b3 b6 9. Bb2 h6 10. Nc3 Bb7 11. cxd5 exd5 12. Bb5 a6 13. Bxc6 Bxc6 14. Ne5 Bb7 15. h3 c5 16. Rc1 cxd4 17. exd4 Bb4 18. a3 Bxc3 19. Bxc3 Ne4 20. f3 Nxc3 21. Rxc3 Rc8 22. Qd2 Rxc3 23. Qxc3 a5 24. b4 axb4 1/2-1/2

[Event "NOR-ch Class4"]
[Site "Lillehammer"]
[Date "2013.06.29"]
[Round "2"]
[White "Olsen, Knut"]
[Black "Garmark, Vegard"]
[Result "1-0"]
[WhiteElo "1245"]
[BlackElo "1182"]
[PlyCount "83"]
[EventDate "2013.06.29"]
[EventType "swiss"]
[EventRounds "9"]
[EventCountry "NOR"]
[SourceTitle "EXT 2017"]
[Source "ChessBase"]
[SourceDate "2016.10.25"]
[SourceVersion "1"]
[SourceVersionDate "2016.10.25"]
[SourceQuality "1"]

1. d4 d5 2. c4 e5 3. dxe5 d4 4. b3 Nc6 5. Bb2 Bf5 6. Nf3 Bxb1 7. Rxb1 Bb4+ 8. Nd2 Nge7 9. a3 Bxd2+ 10. Qxd2 Ng6 11. g3 0-0 12. Bg2 Qd7 13. Bxc6 Qxc6 14. 0-0 Rad8 15. Rbd1 Rfe8 16. Bxd4 Qd7 17. Qb2 Qg4 18. Bc3 h5 19. f3 Qg5 20. Bd2 Qxe5 21. Qxe5 Rxe5 22. e4 Rd3 23. Bf4 Nxf4 24. gxf4 Rxd1 25. Rxd1 Re7 26. h4 Kf8 27. Kf2 Ke8 28. f5 f6 29. Ke3 b6 30. b4 Kf7 31. c5 Ke8 32. c6 b5 33. f4 a6 34. Rd5 Kf7 35. Kd4 g6 36. fxg6+ Kxg6 37. Rd7 Kf7 38. Kd5 f5 39. e5 Rxd7+ 40. cxd7 Ke7 41. Kc6 Kd8 42. e6 1-0

[Event "NOR-ch Class4"]
[Site "Lillehammer"]
[Date "2013.06.29"]
[Round "3"]
[White "Skotheim, Havard"]
[Black "Olsen, Knut"]
[Result "1-0"]
[WhiteElo "1152"]
[BlackElo "1245"]
[PlyCount "49"]
[EventDate "2013.06.29"]
[EventType "swiss"]
[EventRounds "9"]
[EventCountry "NOR"]
[SourceTitle "EXT 2017"]
[Source "ChessBase"]
[SourceDate "2016.10.25"]
[SourceVersion "1"]
[SourceVersionDate "2016.10.25"]
[SourceQuality "1"]

1. e4 e5 2. Nf3 Nc6 3. Bc4 Bc5 4. b4 Bxb4 5. c3 Bc5 6. d4 exd4 7. cxd4 Bb4+ 8. Bd2 Bxd2+ 9. Nbxd2 d6 10. Qb3 Qe7 11. 0-0 Nh6 12. Rfe1 0-0 13. Qc3 Bd7 14. e5 dxe5 15. dxe5 Be6 16. Re4 a6 17. a4 Kh8 18. Ra3 Rfd8 19. Bxe6 fxe6 20. Rb3 Rab8 21. Rh4 Nf5 22. Rh3 Ncd4 23. Nxd4 Nxd4 24. Qd3 Nxb3 25. Qxh7# 1-0

[Event "ASKOs Pinseturnering-B"]
[Site "Blindern"]
[Date "2002.05.18"]
[Round "2"]
[White "Johansen, Torbjorn Reidar"]
[Black "Olsen, Knut"]
[Result "0-1"]
[WhiteElo "1442"]
[BlackElo "1323"]
[PlyCount "62"]
[EventDate "2002.05.18"]
[EventType "swiss"]
[EventRounds "6"]
[EventCountry "NOR"]
[SourceTitle "EXT 2006"]
[Source "ChessBase"]
[SourceDate "2005.11.24"]
[SourceVersion "1"]
[SourceVersionDate "2005.11.24"]
[SourceQuality "1"]

1. Nf3 e6 2. d4 Nf6 3. c4 b6 4. g3 Bb7 5. Bg2 Be7 6. 0-0 0-0 7. b3 c5 8. Bb2 d5 9. Nbd2 Nbd7 10. e3 Qc7 11. cxd5 Bxd5 12. Qe2 Qb7 13. Rfe1 Ne4 14. Ne5 Nxd2 15. Bxd5 Qxd5 16. e4 Nxe4 17. Nxd7 Nxf2 18. Kxf2 Qxd7 19. dxc5 Bxc5+ 20. Kg2 Qd5+ 21. Kh3 Rad8 22. Rad1 Qf5+ 23. Kg2 Bb4 24. Rf1 Qg5 25. Qe4 Rd2+ 26. Rxd2 Qxd2+ 27. Rf2 Qd5 28. Qxd5 exd5 29. a3 Bc5 30. b4 Bxf2 31. Kxf2 Rc8 0-1